| 000 | 00801na a2200277 4500 | ||
|---|---|---|---|
| 001 | 16194 | ||
| 003 | MIRAKIL | ||
| 005 | 20181213154810.0 | ||
| 008 | 161004b tu 000 0 | ||
| 020 | _a9789759290887 | ||
| 040 |
_aMilas _btur _cTR-AnCHP |
||
| 041 | _atur | ||
| 082 |
_a305.8943056 _bS24ş 2011 |
||
| 090 | _a305.8943056 S24ş 2011 | ||
| 100 | _aSaltık, Veli | ||
| 245 |
_aŞadiler ve Koçkiriler _cVeli Saltık |
||
| 260 |
_aAnkara _b[yayl. y.] _c2011 _fKuloğlu Matbaacılık |
||
| 300 |
_a239 s. _c20 sm. |
||
| 504 | _aKaynakça var. | ||
| 650 |
_aKürtler _xTarih _zTürkiye |
||
| 650 |
_aAşiretler _xTarih _zTürkiye |
||
| 650 |
_aTürk boyları _xKürt aşiretleri _yTarih |
||
| 650 |
_aDerebeylik _xTarih _zTürkiye |
||
| 657 | _aIrk araştırmaları | ||
| 942 |
_2ddc _cBKS |
||
| 999 |
_c1033 _d1033 |
||